| 000 | 00754nab a2200253 a 4500 | ||
|---|---|---|---|
| 005 | 20210219161203.0 | ||
| 008 | 991125s1985 mx 000 0 spa u | ||
| 035 | _aUPN01000180495 | ||
| 100 | 1 | _aRibeiro, Carlos Miguel | |
| 222 | _aEDUCACION MATEMATICA | ||
| 245 | _a¿ Es el conocimiento matemático del profesorado específico de su profesión ? : discusión de la práctica de una maestra | ||
| 260 | _aMéxico | ||
| 300 | _a123-138 | ||
| 362 | 0 | _a2010 Vol. 22, no. 2, ago. | |
| 653 | 0 | _aPRACTICA DOCENTE | |
| 653 | 0 | _aCONOCIMIENTO MATEMATICO | |
| 653 | 0 | _aFORMACION DOCENTE | |
| 653 | 0 | _aEDUCACION PRIMARIA | |
| 700 | 1 | _aCarrillo, José | |
| 700 | 1 | _ecoaut. | |
| 700 | 1 | _aMonteiro, Rute, | |
| 700 | 1 | _ecoaut. | |
| 905 | _aArticulo | ||
| 999 |
_c152598 _d152598 |
||